| 000 | 008310000a22002650004500 | ||
|---|---|---|---|
| 001 | 48938 | ||
| 010 | _a972-20-2018-8 | ||
| 021 |
_aPT _b166352/01 |
||
| 090 | _a48938 | ||
| 100 | _a20100618d2010 k y0pory5003 ba | ||
| 101 | 0 | _apor | |
| 102 | _aPT | ||
| 200 | 1 |
_aO cântico de Natal _fCharles Dickens _gtrad. João Costa |
|
| 205 | _a2ª.ed. | ||
| 210 |
_aLisboa _cPublicações Dom Quixote _d2001 |
||
| 215 |
_a149 p. _cil. _d18 cm |
||
| 225 | 2 |
_aBiblioteca de bolso. Clássicos _v10 |
|
| 304 | _aTítilo original: A Christmas Carol | ||
| 606 |
_aLiteratura juvenil _xConto |
||
| 675 |
_a821.111-34"18" _vBN _zpor |
||
| 700 | 1 |
_aDickens _bCharles _f1812-1870 |
|
| 702 | 1 |
_915528 _4730 _aCosta _bJoão |
|
| 801 |
_aPT _c20100618 |
||
| 942 |
_cMON _n0 |
||
| 999 |
_a48938 _bBibliobase - BEBDPPC _c2019-01-21 |
||